000 00584nam a2200229Ia 4500
003 OSt
005 20220924133614.0
006 a|||||r|||| 00| 0
007 ta
008 220923b |||||||| |||| 00| 0 ben d
024 _a267365
037 _cTextual
040 _aARTS
_cARTS
_bben
041 _2ben
_aben
082 _aNw4462wNGU, 157M9
100 _aGupta Mira
_9206899
245 0 _aAnek pichaner kaker feleara dinkar katha
260 _c1989
650 _aARTS
942 _hNw4462wNGU, 157M9
_cTEXL
_2CC
999 _c434402
_d434402